Megaproyectos de transporte , instituciones, polt̕ica y gestin̤ tčnica de recursos
Este documento presenta una serie prc̀ticas y experiencias en grandes proyectos de infraestructura que el Banco Interamericano de Desarrollo BID ha presenciado en la regin̤. Con este props̤ito, se contextualiza qu ̌es un megaproyecto, la importancia de la comunidad donde šte se construye y la relac...
Guardat en:
| Altres autors: | , |
|---|---|
| Format: | Llibre |
| Idioma: | espanyol |
| Matèries: | |
| Accés en línia: | Megaproyectos de transporte , instituciones, polt̕ica y gestin̤ tčnica de recursos |
| Etiquetes: |
Afegir etiqueta
Sense etiquetes, Sigues el primer a etiquetar aquest registre!
|
MARC
| LEADER | 00000nam a22000004a 4500 | ||
|---|---|---|---|
| 001 | vpro14025 | ||
| 005 | 20201223000000.0 | ||
| 008 | 180921s2018 ck # g## #001 0#spa#d | ||
| 020 | |a 0121-4993 (versin̤ impresa) ; 2011-0049 (versin̤ online) | ||
| 022 | |||
| 040 | |a CO-BoINGC | ||
| 041 | 0 | |a spa | |
| 245 | 1 | 0 | |a Megaproyectos de transporte , instituciones, polt̕ica y gestin̤ tčnica de recursos |
| 246 | |a Transportation megaprojects : institutions, policy, and technical resource management | ||
| 264 | |a Bogot ̀(Colombia) : |b Revista VirtualPRO, |c 2018 | ||
| 520 | 3 | |a Este documento presenta una serie prc̀ticas y experiencias en grandes proyectos de infraestructura que el Banco Interamericano de Desarrollo BID ha presenciado en la regin̤. Con este props̤ito, se contextualiza qu ̌es un megaproyecto, la importancia de la comunidad donde šte se construye y la relacin̤ que se genera entre ellos. As ̕mismo, se ahonda en las experiencias regionales, en la capacidad requerida para la ejecucin̤ de los grandes proyectos y las necesidades que genera. Por, l͠timo, se hace referencia a los elementos de preparacin̤ de un proyecto, los tipos de cambios naturales que surgen en el momento de su ejecucin̤ y cm̤o estos l͠timos se pueden prever. Se termina enfatizando en algunos proyectos en el r̀ea regional cuyas experiencias valiosas valen la pena ser tenidas en cuenta. | |
| 650 | \ | \ | |a Gestin̤ de proyectos |
| 650 | \ | \ | |a Project management |
| 650 | \ | \ | |a Proyectos de infraestructura |
| 650 | \ | \ | |a Ingeniera̕ de transporte |
| 650 | \ | \ | |a Infrastructure projects |
| 650 | \ | \ | |a Transport engineering |
| 700 | \ | \ | |a Roa Nštor |
| 700 | \ | \ | |a Facultad de Ingeniera̕, Universidad de los Andes |
| 856 | |z Megaproyectos de transporte , instituciones, polt̕ica y gestin̤ tčnica de recursos |u https://virtualpro.unach.elogim.com/biblioteca/megaproyectos-de-transporte-instituciones-politica-y-gestion-tecnica-de-recursos | ||